Normal view
MARC view
- Orte Socias, Carmen
Entry Nombre Personal
001 - NUMERO DE CONTROL
- campo de control: 39190
003 - IDENTIFICADOR DE NUMERO DE CONTROL
- campo de control: UPN
005 - FECHA Y HORA DE LA ÜLTIMA TRANSACCIÓN
- campo de control: 20220713095801.0
008 - DATOS DE LONGITUD FIJA
- campo de control de longitud fija: nabaccnnaabn|||||||||| b |nc|||||d
024 ## - OTROS IDENTIFICADORES NORMALIZADOS
- Fuente: orcid
- Número normalizado o código: 0000-0002-4695-4411
035 ## - NUMERO DE CONTROL
- Número de control: UPN11000011297
040 ## - FUENTE DE CATALOGACIÓN
- Lenguaje de catalogación: SPA
- Agencia de transcripción: MX-MxUPN
- Agencia original de catalogación: MX-MxUPN
100 1# - ENCABEZAMIENTO - NOMBRE PERSONAL
- Nombre personal: Orte Socias, Carmen
370 ## - LUGAR ASOCIADO
- Associated country: España
371 ## - DIRECCIÓN
- Electronic mail address: Carmen.orte@uib.es
372 ## - CAMPO DE ACTIVIDAD
- Field of activity: Ciencias de la educación
- Field of activity: Programas de prevención familiar
373 ## - GRUPO ASOCIADO
- Associated group: Universidad de las Islas Baleares. Departamento de Pedagogía y Didáctica
- Associated group: Universidad Abierta para Mayores
374 ## - OCUPACIÓN
- Occupation: Psicóloga
- Occupation: Profesora - Investigadora universitaria
670 ## - FUENTE EN LA QUE SE LOCALIZARON DATOS
- Cita de la fuente: T
- Información localizada: Pedagogía de la inadapatación social
670 ## - FUENTE EN LA QUE SE LOCALIZARON DATOS
- Cita de la fuente: En sitio web: ResearchGate
- Información localizada: (Carmen Orté)
- Uniform Resource Identifier: https://www.researchgate.net/profile/Carmen-Orte
902 ## - CATALOGADOR
- Catalogador: MCM/071016
